Statystyki dla TOP 5 Największych Miast Afganistanu

Kliknij tutaj aby rozwiązać quiz!

Ogólne statystyki

  • Ten quiz został rozwiązany 22 razy
  • Średni wynik to 2 z 5

Statystyki odpowiedzi

MiejscePołożenieLudnośćMiasto% Poprawnych
1.Wschodnio -
Północne
3 mlnKabul
100%
2.Zachodnie400 tysHerat
53%
3.Wschodnio -
Południowe
400 tysKandahar
37%
5.Wschodnio -
Północne
200 tysDżalalabad
11%
4.Północne300 tysMazar i Szarif
11%

Rozkład punktacji

Percentyl według liczby udzielonych odpowiedzi

Procent ludzi z każdym wynikiem

Twoja historia wyników

Nie rozwiązałeś tego quizu